| 000 | 00856naa a2200241 4500 | ||
|---|---|---|---|
| 005 | 20090613121017.0 | ||
| 008 | 080925t xxu||||| |||| 00| 0 eng d | ||
| 010 | _aENG-93968 | ||
| 020 |
_a9788180546440 _c200.00 |
||
| 035 | _aEN-77501 | ||
| 037 | _bDBAD / PUB | ||
| 040 |
_adpl _bEnglish |
||
| 082 | _a519.5 | ||
| 100 | _aGupta, S.P. | ||
| 245 |
_aBusiness statistics: _cby S.P. Gupta _ban introductory text / |
||
| 260 |
_aNew Delhi _bSultan Chand _c2009 |
||
| 270 |
_a23, Darya Ganj, _bNew Delhi _e110 002 |
||
| 300 |
_aVarious pagings _c24cm(pbk ) |
||
| 650 | _aCommercial statistics | ||
| 650 | _aStatistics | ||
| 942 |
_adpl _cEN _2ddc _mGUP _h519.5 |
||
| 999 |
_c27403 _d27403 |
||